<?xml version="1.0" encoding="UTF-8"?>
<record
    xmlns:xsi="http://www.w3.org/2001/XMLSchema-instance"
    xsi:schemaLocation="http://www.loc.gov/MARC21/slim http://www.loc.gov/standards/marcxml/schema/MARC21slim.xsd"
    xmlns="http://www.loc.gov/MARC21/slim">

  <leader>00953nam a22001935i 4500</leader>
  <controlfield tag="001">162146</controlfield>
  <controlfield tag="003">ES-MaACL</controlfield>
  <controlfield tag="005">20250930063142.0</controlfield>
  <controlfield tag="008">020429s1876    sp           |||| | spa d</controlfield>
  <datafield tag="040" ind1=" " ind2=" ">
    <subfield code="a">CAM </subfield>
    <subfield code="b">spa </subfield>
    <subfield code="c">CAM</subfield>
  </datafield>
  <datafield tag="100" ind1="0" ind2=" ">
    <subfield code="a">Pina, Mariano, </subfield>
    <subfield code="d">1820-1883</subfield>
    <subfield code="9">92066</subfield>
  </datafield>
  <datafield tag="245" ind1="1" ind2="0">
    <subfield code="a">Con el credo en la boca </subfield>
    <subfield code="b">: comedia en dos actos / </subfield>
    <subfield code="c">por Mariano Pina.</subfield>
  </datafield>
  <datafield tag="260" ind1=" " ind2=" ">
    <subfield code="a">Madrid : </subfield>
    <subfield code="b">[Administraci&#xF3;n L&#xED;rico-dram&#xE1;tica], </subfield>
    <subfield code="c">1876 (</subfield>
    <subfield code="f">Imprenta de Jos&#xE9; Rodriguez)</subfield>
  </datafield>
  <datafield tag="300" ind1=" " ind2=" ">
    <subfield code="a">55 p. ; </subfield>
    <subfield code="c">2 cm.</subfield>
  </datafield>
  <datafield tag="500" ind1=" " ind2="1">
    <subfield code="a">En port.: Representada por primera vez en el teatro Espa&#xF1;ol, el 4 de febrero de 1876.</subfield>
  </datafield>
  <datafield tag="596" ind1=" " ind2="1">
    <subfield code="a">En verso de port. consta: "... de la Administraci&#xF3;n l&#xED;rico-dram&#xE1;tica de Eduardo Hidalgo ..."</subfield>
  </datafield>
  <datafield tag="852" ind1=" " ind2=" ">
    <subfield code="a">ES-MaACL</subfield>
    <subfield code="j">D-2492(8) </subfield>
    <subfield code="z">-- Enc. hol. conservando la cub. original </subfield>
    <subfield code="z">-- Ded. ms. del autor: "Al excelente actor Julian Romea, afectuoso recuerdo de su amigo. Mariano Pina" </subfield>
    <subfield code="z">-- Enc. en un vol. facticio</subfield>
  </datafield>
  <datafield tag="999" ind1=" " ind2=" ">
    <subfield code="c">162146</subfield>
    <subfield code="d">162146</subfield>
  </datafield>
  <datafield tag="952" ind1=" " ind2=" ">
    <subfield code="0">0</subfield>
    <subfield code="1">0</subfield>
    <subfield code="4">0</subfield>
    <subfield code="7">0</subfield>
    <subfield code="8">LIBXIX</subfield>
    <subfield code="a">ATENEOM</subfield>
    <subfield code="b">ATENEOM</subfield>
    <subfield code="c">SVI</subfield>
    <subfield code="d">2008-01-17</subfield>
    <subfield code="l">0</subfield>
    <subfield code="o">D-2492(8)</subfield>
    <subfield code="p">901169866</subfield>
    <subfield code="r">2023-02-23 00:00:00</subfield>
    <subfield code="w">2023-02-23</subfield>
    <subfield code="y">MONANT</subfield>
  </datafield>
</record>
